Harvest of seven years : (cropped and chronicled) /
保存先:
| その他の著者: | |
|---|---|
| フォーマット: | |
| 言語: | 英語 |
| 出版事項: |
USA :
Warner reprise video,
[1991]
|
| タグ: |
タグなし, このレコードへの初めてのタグを付けませんか!
|
MARC
| LEADER | 00000ngm a22000007i 4500 | ||
|---|---|---|---|
| 001 | IT\ICCU\UBO\3373156 | ||
| 003 | ItRI | ||
| 005 | 20260124182854.0 | ||
| 008 | 080213s1991 xxu|||||||||||||||k|||||c | ||
| 040 | |b ita | ||
| 041 | 7 | |a eng |2 ISO-639-2 | |
| 245 | 0 | 0 | |a Harvest of seven years : |b (cropped and chronicled) / |c K. D. Lang. |
| 260 | |a USA : |b Warner reprise video, |c [1991] | ||
| 300 | |a 1 videocassetta (VHS) (ca. 60 min.) : |b color. e b/n, son. (stereo, dolby surround) | ||
| 500 | |a Tit. del contenitore. | ||
| 700 | 1 | |a Lang, K. D. |0 IT\ICCU\UBOV\855454 | |
| 790 | 1 | |a Lang, Kathryn Dawn |3 IT\ICCU\MILV\347231 |z Lang, K. D. | |
| 942 | |2 ddc |c VM |n 0 | ||
| 952 | |0 0 |1 0 |4 0 |6 VO_328_000000000000000 |7 0 |9 27324 |a BO |b BO |d 2026-01-24 |i 6915 |l 0 |o VO 328 |p BO6915 |r 2026-01-24 18:28:54 |w 2026-01-24 |x [Sebina 5] [1 videocassetta] |y VM |z 1 videocassetta | ||
| 999 | |c 23138 |d 23138 | ||